K-pop: Dreamcatcher Members - Images - Statistics

General Stats
  • This quiz has been taken 11 times
  • The average score is 6 of 7
Answer Stats
Picture Answer % Correct
Dami
100%
SuA
100%
Handong
89%
Siyeon
89%
Gahyun
78%
JiU
78%
YOOHYEON
78%
No matching quizzes found
Score Distribution
Percent of People with Each Score
Percentile by Number Answered
Your Score History
You have not taken this quiz